000 01747nam a2200517 i 4500
001 40013
003 KOSZ 005
005 20201016091503.0
008 010518s2001 pl a f |000 0 pol
015 _aPB 2001/9773
035 _a(OCoLC)749561867
040 _aWA N
_cWA N
_dKOSZ 005/HR
041 0 _apol
_beng
046 _k2001
080 _a621.1.01
080 _a536.7
080 _a621.791/.795
080 _a519.86
100 1 _aPoniewski, Mieczysław.
_eAutor
245 1 0 _aWrzenie pęcherzykowe na rozwiniętych mikropowierzchniach /
_cMieczysław E. Poniewski.
260 _aKielce :
_bWydaw. PŚ,
_c2001.
300 _a360 s. :
_bil. ;
_c25 cm.
336 _2rdacontent
_aTekst
_btxt
337 _2rdamedia
_aBez urządzenia pośredniczacego
_bn
338 _2rdacarrier
_aWolumin
_bnc
380 _aKsiążki
380 _aPublikacje naukowe
388 _a2001-
490 1 _aMonografie, Studia, Rozprawy / [Politechnika Świętokrzyska] ;
_v23.
500 _aNa s. red. i okł. błędny i zbędny ISSN.
504 _aBibliogr.
546 _aStreszcz. ang.
650 4 _aHistereza
650 4 _aPorowatość
650 4 _aPrzewodnictwo cieplne
650 4 _aWrzenie
650 4 _aTermodynamika techniczna
650 4 _aInżynieria powierzchni
650 4 _aModele matematyczne
658 _aFizyka i astronomia
658 _aInżynieria i technika
710 2 _aWydawnictwo Politechniki Świętokrzyskiej
_b
_4pbl.
830 0 _aMonografie, Studia, Rozprawy - Politechnika Świętokrzyska
_v23
856 _uhttp://koha.tu.koszalin.pl/cgi-bin/koha/opac-detail.pl?biblionumber=40013
_yKatalog online BPK
942 _2UKD
_cKS
999 _c40013
_d40013